[Event "15th European Team Championship 2005 - "]
[Site "?"]
[Date "2005.07.30"]
[Round "1.12"]
[White "Kempinski, Robert"]
[Black "Baburin, Alexander"]
[Result "1/2-1/2"]
[WhiteElo "2619"]
[BlackElo "2523"]
[PlyCount "39"]
[EventDate "2005.07.30"]

1. c4 e6 2. d4 d5 3. Nc3 Nf6 4. Nf3 Nbd7 5. Bf4 dxc4 6. e3 a6 7. Bxc4 b5 8. Bb3
Bb7 9. O-O Bd6 10. Ne5 O-O 11. Rc1 Qe7 12. Qe2 c5 13. Nxd7 Nxd7 14. Bxd6 Qxd6
15. dxc5 Nxc5 16. Rfd1 Qe7 17. Bc2 Rad8 18. Qg4 h6 19. h4 Rxd1+ 20. Rxd1
1/2-1/2

[Event "15th European Team Championship 2005 - "]
[Site "?"]
[Date "2005.07.30"]
[Round "1.12"]
[White "Kelly, Brian"]
[Black "Socko, Bartosz"]
[Result "1/2-1/2"]
[WhiteElo "2504"]
[BlackElo "2615"]
[PlyCount "67"]
[EventDate "2005.07.30"]

1. d4 Nf6 2. c4 g6 3. Nc3 Bg7 4. e4 d6 5. Nf3 O-O 6. Be2 e5 7. O-O Qe8 8. dxe5
dxe5 9. b4 Qe7 10. Qb3 c6 11. Ba3 Re8 12. b5 Qc7 13. Rfd1 Bf8 14. bxc6 bxc6 15.
Bxf8 Kxf8 16. Qa3+ Kg7 17. c5 Bg4 18. Rd6 Bxf3 19. Bxf3 Nbd7 20. Bd1 Red8 21.
Bb3 Ne8 22. Rd3 Ndf6 23. Rad1 Rxd3 24. Rxd3 Rd8 25. Qa6 Rd4 26. Rf3 Rb4 27. h3
Qb7 28. Qxb7 Rxb7 29. Ba4 Rc7 30. Bb3 Rd7 31. Ba4 Rc7 32. Bb3 Rd7 33. Ba4 Rc7
34. Bb3 1/2-1/2

[Event "15th European Team Championship 2005 - "]
[Site "?"]
[Date "2005.07.30"]
[Round "1.12"]
[White "Bobras, Piotr"]
[Black "Collins, Sam"]
[Result "1-0"]
[WhiteElo "2525"]
[BlackElo "2413"]
[PlyCount "93"]
[EventDate "2005.07.30"]

1. e4 d6 2. d4 Nf6 3. Nc3 g6 4. f4 Bg7 5. Nf3 c5 6. dxc5 Qa5 7. Qd4 O-O 8. Bd2
Nc6 9. Qc4 Be6 10. Qb5 Qxb5 11. Bxb5 dxc5 12. Bxc6 bxc6 13. O-O-O Ng4 14. Rde1
Rfd8 15. h3 Nf6 16. g4 Nd7 17. f5 Bc4 18. b3 Ba6 19. e5 c4 20. e6 Nf8 21. exf7+
Kxf7 22. Ne5+ Bxe5 23. Rxe5 cxb3 24. axb3 Nd7 25. Ra5 Bb7 26. fxg6+ hxg6 27.
Ne4 Kg8 28. Re1 Re8 29. Rg5 Nf8 30. Nc5 Bc8 31. Bc3 a5 32. h4 e5 33. h5 Ra7 34.
hxg6 Rg7 35. Ne4 Re6 36. Rxe5 Rgxg6 37. Rxa5 Nh7 38. Ra8 Re8 39. g5 Rge6 40.
Ra7 Rxe4 41. Rg7+ Kf8 42. Rf1+ Nf6 43. gxf6 Rg4 44. f7 Ree4 45. Rh7 Rgf4 46.
Rh8+ Kxf7 47. Rxf4+ 1-0

[Event "15th European Team Championship 2005 - "]
[Site "?"]
[Date "2005.07.30"]
[Round "1.12"]
[White "Orr, Mark"]
[Black "Markowski, Tomasz"]
[Result "0-1"]
[WhiteElo "2305"]
[BlackElo "2564"]
[PlyCount "147"]
[EventDate "2005.07.30"]

1. d4 c5 2. d5 d6 3. e4 Nf6 4. Nc3 g6 5. Nf3 Bg7 6. Be2 O-O 7. O-O e6 8. dxe6
Bxe6 9. Bf4 d5 10. exd5 Nxd5 11. Nxd5 Qxd5 12. Qxd5 Bxd5 13. Rfd1 Bc6 14. c3
Nd7 15. Nd2 Nb6 16. Bf3 Bxf3 17. Nxf3 Rfe8 18. Re1 Na4 19. Rab1 Rxe1+ 20. Nxe1
b5 21. a3 Rd8 22. Kf1 h6 23. h4 Rd5 24. Nf3 f5 25. Bd2 Kf7 26. Ke2 a6 27. Ke1
Nb6 28. Rd1 Ke6 29. Bc1 a5 30. Rxd5 Kxd5 31. Kd1 a4 32. Kc2 Nc4 33. Ne1 Ne5 34.
Nd3 Nxd3 35. Kxd3 h5 36. Be3 Be5 37. g3 c4+ 38. Ke2 f4 39. gxf4 Bf6 40. f5 gxf5
41. Bg5 Be5 42. Kf3 Ke6 43. Ke3 b4 44. cxb4 Bxb2 45. Kd2 Kd5 46. Kc2 Bd4 47.
Be3 Bf6 48. Bg5 Be5 49. f3 Kd4 50. Bd2 Bd6 51. Bg5 Bc7 52. Kd2 Be5 53. Be3+ Kd5
54. Kc2 Bf6 55. Bf2 Be5 56. b5 Bf6 57. Kb1 Be7 58. Kb2 Bc5 59. Be1 Bd4+ 60. Bc3
Bf2 61. Bf6 Kc5 62. Be7+ Kxb5 63. Bf6 Kc5 64. Kc3 Be1+ 65. Kc2 Kd5 66. Kd1 Bg3
67. Kc2 Bd6 68. Kb2 Be5+ 69. Bxe5 Kxe5 70. Kc3 Kd5 71. f4 Kc5 72. Kc2 Kd4 73.
Kd2 c3+ 74. Kc2 0-1

[Event "15th European Team Championshi"]
[Site "?"]
[Date "2005.07.31"]
[Round "2.19"]
[White "Baburin, Alexander"]
[Black "Dutreeuw, Marc"]
[Result "1/2-1/2"]
[WhiteElo "2523"]
[BlackElo "2361"]
[PlyCount "57"]
[EventDate "2005.07.30"]

1. d4 d5 2. c4 dxc4 3. e3 e5 4. Bxc4 exd4 5. exd4 Nf6 6. Nf3 Bd6 7. O-O O-O 8.
h3 Nc6 9. Nc3 h6 10. Re1 a6 11. a3 Re8 12. Rxe8+ Qxe8 13. Qd3 Qf8 14. Bd2 Bd7
15. Re1 Re8 16. Re3 Rxe3 17. fxe3 b5 18. Ba2 b4 19. Nd5 Nxd5 20. Bxd5 bxa3 21.
bxa3 Bxa3 22. Qxa6 Nd8 23. Ne5 Be6 24. Bxe6 Nxe6 25. d5 Ng5 26. Nd7 Qd6 27.
Qxd6 Bxd6 28. Bc3 f6 29. Bd4 1/2-1/2

[Event "15th European Team Championshi"]
[Site "?"]
[Date "2005.07.31"]
[Round "2.19"]
[White "Van Der Stricht, Geert"]
[Black "Kelly, Brian"]
[Result "1/2-1/2"]
[WhiteElo "2400"]
[BlackElo "2504"]
[PlyCount "47"]
[EventDate "2005.07.30"]

1. d4 d5 2. c4 c6 3. Nc3 Nf6 4. e3 e6 5. Nf3 Nbd7 6. Qc2 Bd6 7. Bd3 O-O 8. O-O
dxc4 9. Bxc4 a6 10. b3 c5 11. dxc5 Nxc5 12. Rd1 Qc7 13. Bb2 b6 14. b4 Ncd7 15.
Ne4 Nxe4 16. Qxe4 Bb7 17. Qd4 Nf6 18. Qxd6 Qxc4 19. Bxf6 Bxf3 20. gxf3 gxf6 21.
Rd4 Qe2 22. Qf4 e5 23. Qxf6 exd4 24. Qg5+ 1/2-1/2

[Event "15th European Team Championshi"]
[Site "?"]
[Date "2005.07.31"]
[Round "2.19"]
[White "Collins, Sam"]
[Black "Claesen, Pieter"]
[Result "1/2-1/2"]
[WhiteElo "2413"]
[BlackElo "2384"]
[PlyCount "82"]
[EventDate "2005.07.30"]

1. e4 e6 2. d4 d5 3. e5 c5 4. c3 Qb6 5. Nf3 Nc6 6. a3 f6 7. Bd3 fxe5 8. Nxe5
Nf6 9. O-O cxd4 10. cxd4 Bd6 11. Nxc6 bxc6 12. Nc3 O-O 13. Na4 Qc7 14. f4 c5
15. dxc5 Bxc5+ 16. Nxc5 Qxc5+ 17. Kh1 a5 18. Qe2 Qd6 19. Qe5 Qxe5 20. fxe5 Ne4
21. Rxf8+ Kxf8 22. Be3 Rb8 23. Bd4 Bd7 24. Rf1+ Kg8 25. Rc1 Bb5 26. Bb1 Nd2 27.
Bc2 a4 28. Kg1 Rf8 29. h3 g6 30. Be3 Nc4 31. Bd4 Nd2 32. Rd1 Ne4 33. Kh2 Rc8
34. Bb1 Bc4 35. Be3 Rb8 36. Rd4 Rxb2 37. Bxe4 Re2 38. Bf4 Rxe4 39. Rxe4 dxe4
40. Kg3 Kg7 41. h4 Bd5 1/2-1/2

[Event "15th European Team Championshi"]
[Site "?"]
[Date "2005.07.31"]
[Round "2.19"]
[White "Docx, Stefan"]
[Black "Orr, Mark"]
[Result "1/2-1/2"]
[WhiteElo "2310"]
[BlackElo "2305"]
[PlyCount "148"]
[EventDate "2005.07.30"]

1. d4 d5 2. c4 c6 3. Nc3 Nf6 4. e3 g6 5. Nf3 Bg7 6. Bd3 O-O 7. O-O Bg4 8. h3
Bxf3 9. Qxf3 e6 10. Rd1 Nbd7 11. Rb1 dxc4 12. Bxc4 Nb6 13. Be2 Qe7 14. e4 e5
15. d5 Rfd8 16. Bg5 h6 17. Bh4 cxd5 18. exd5 e4 19. Qe3 g5 20. Bg3 Nfxd5 21.
Qxe4 Qxe4 22. Nxe4 f5 23. Nc5 f4 24. Bh2 Nb4 25. Nxb7 Rxd1+ 26. Bxd1 Nd3 27. b4
Rc8 28. Nd6 Rc6 29. Nf5 Bf8 30. g3 Bxb4 31. Rb3 Rc3 32. Nxh6+ Kg7 33. Ng4 Rxb3
34. Bxb3 Bd6 35. Kf1 Nc5 36. Ke2 fxg3 37. fxg3 Nxb3 38. axb3 Bc5 39. Ne5 a5 40.
Kf3 Kf6 41. Nd3 Nd7 42. g4 Bb6 43. Bg3 Ke6 44. Be1 Kd5 45. Bc3 Bd8 46. Bb2 Nf8
47. Nf2 Ne6 48. Ne4 Nd4+ 49. Bxd4 Kxd4 50. Nd6 Kc3 51. Nb7 Bb6 52. h4 gxh4 53.
g5 Kxb3 54. g6 Bd4 55. Nxa5+ Kc3 56. Kg4 Bf6 57. Nc6 Kd3 58. Ne7 Ke4 59. Nf5
Ke5 60. Nxh4 Ke6 61. Nf5 Bb2 62. Ne3 Kf6 63. Kh5 Kg7 64. Nf5+ Kg8 65. Kg5 Bc3
66. Kf4 Bb2 67. Nd6 Kg7 68. Kf5 Bc3 69. Ne8+ Kf8 70. Nf6 Kg7 71. Nh5+ Kh6 72.
Nf6 Kg7 73. Ne8+ Kf8 74. Nf6 Kg7 1/2-1/2

[Event "15th European Team Championshi"]
[Site "?"]
[Date "2005.08.01"]
[Round "3.16"]
[White "Brynell, Stellan"]
[Black "Baburin, Alexander"]
[Result "1-0"]
[WhiteElo "2484"]
[BlackElo "2523"]
[PlyCount "83"]
[EventDate "2005.07.30"]

1. d4 d5 2. Nf3 e6 3. c4 Nf6 4. g3 dxc4 5. Bg2 Nbd7 6. O-O c6 7. a4 a5 8. Qc2
Nb6 9. Nbd2 Nfd5 10. Nxc4 Nb4 11. Qb3 Nxc4 12. Qxc4 Be7 13. Ne5 O-O 14. Bd2 Qb6
15. Rfc1 Rd8 16. e3 Bd7 17. Qb3 Be8 18. Nd3 Ra6 19. Nc5 Raa8 20. Bxb4 axb4 21.
a5 Qa7 22. Qxb4 e5 23. Ra3 exd4 24. exd4 Qb8 25. Qc4 b5 26. Qb4 Qd6 27. Rd3 Qc7
28. Ra3 Qd6 29. Rd1 Bd7 30. h3 Bf5 31. Qd2 Qc7 32. Qc3 Rd6 33. b4 Bf6 34. Qe3
Rad8 35. Qf4 Qc8 36. a6 Bc2 37. Rd2 Ba4 38. Rad3 h6 39. Nb7 Be7 40. Nxd8 Rxd8
41. Qe4 Bxb4 42. Qxc6 1-0

[Event "15th European Team Championshi"]
[Site "?"]
[Date "2005.08.01"]
[Round "3.16"]
[White "Kelly, Brian"]
[Black "Ong, Kezli"]
[Result "1/2-1/2"]
[WhiteElo "2504"]
[BlackElo "2371"]
[PlyCount "76"]
[EventDate "2005.07.30"]

1. d4 Nf6 2. c4 e6 3. Nc3 Bb4 4. Qc2 O-O 5. a3 Bxc3+ 6. Qxc3 b6 7. Bg5 Bb7 8.
e3 d6 9. f3 Nbd7 10. Bd3 c5 11. Ne2 Rc8 12. Qd2 h6 13. Bh4 Ba6 14. Rc1 cxd4 15.
exd4 d5 16. cxd5 Bxd3 17. Rxc8 Qxc8 18. Qxd3 Nxd5 19. O-O Qb7 20. Rc1 Rc8 21.
Rxc8+ Qxc8 22. Be1 N7f6 23. a4 Ne8 24. b3 Nd6 25. Bd2 Qc6 26. Kf2 b5 27. axb5
Qxb5 28. Qxb5 Nxb5 29. g4 Kf8 30. Ke1 Ke7 31. Kd1 Kd7 32. Kc2 Kc6 33. Kd3 Nd6
34. Ng3 Kb5 35. Ne4 Nb7 36. Ng3 Nd6 37. Ne4 Nb7 38. Ng3 Nd6 1/2-1/2

[Event "15th European Team Championshi"]
[Site "?"]
[Date "2005.08.01"]
[Round "3.16"]
[White "Tikkanen, Hans"]
[Black "Collins, Sam"]
[Result "0-1"]
[WhiteElo "2316"]
[BlackElo "2413"]
[PlyCount "86"]
[EventDate "2005.07.30"]

1. d4 d5 2. c4 c6 3. Nf3 Nf6 4. Nc3 dxc4 5. a4 Bf5 6. Ne5 Nbd7 7. Nxc4 Qc7 8.
g3 e5 9. dxe5 Nxe5 10. Bf4 Nfd7 11. Nxe5 Nxe5 12. Qd4 f6 13. a5 Qd6 14. Bxe5
fxe5 15. Qxd6 Bxd6 16. a6 b6 17. Bg2 Rc8 18. O-O Ke7 19. Rfc1 h6 20. Ra4 b5 21.
Raa1 Rhd8 22. Ne4 Bb4 23. e3 Rd3 24. h3 c5 25. g4 Bg6 26. Nc3 Bxc3 27. bxc3 c4
28. Ra2 Rcd8 29. Bc6 Rd1+ 30. Rxd1 Rxd1+ 31. Kg2 Rb1 32. Rd2 Bd3 33. Kf3 Rb3
34. h4 Kd6 35. Be4 Rxc3 36. Rb2 Kc5 37. g5 hxg5 38. hxg5 b4 39. g6 b3 40. Bxd3
Rxd3 41. Ke4 Kb4 42. f4 exf4 43. exf4 Kc3 0-1

[Event "15th European Team Championshi"]
[Site "?"]
[Date "2005.08.01"]
[Round "3.16"]
[White "Orr, Mark"]
[Black "Olsson, Linus"]
[Result "0-1"]
[WhiteElo "2305"]
[BlackElo "2352"]
[PlyCount "90"]
[EventDate "2005.07.30"]

1. d4 Nf6 2. Nf3 e6 3. Bg5 h6 4. Bh4 c5 5. e3 cxd4 6. exd4 b6 7. Nbd2 Bb7 8.
Bd3 d6 9. O-O Be7 10. Bxf6 Bxf6 11. Be4 d5 12. Bd3 Nc6 13. c3 O-O 14. Re1 a5
15. Qe2 Qc8 16. Ne5 Bxe5 17. dxe5 Ba6 18. Nf3 Bxd3 19. Qxd3 a4 20. a3 Na5 21.
Nd2 Qc5 22. Re2 Rfd8 23. Nf3 Nb3 24. Rd1 Rac8 25. Nd4 Nxd4 26. cxd4 Qc4 27. Qe3
Rc7 28. h4 Rdc8 29. f4 Qb5 30. Qd3 Qxd3 31. Rxd3 h5 32. Kf2 Kh7 33. Red2 Rc1
34. Ke2 Rh1 35. g3 Kg6 36. Rc3 Rxc3 37. bxc3 Ra1 38. Rb2 Rxa3 39. Kd2 Rb3 40.
Ra2 b5 41. Kc2 Kf5 42. Ra1 Kg4 43. Rd1 g6 44. Rd3 b4 45. cxb4 Rxb4 0-1

[Event "15th European Team Championshi"]
[Site "?"]
[Date "2005.08.02"]
[Round "4.19"]
[White "Baburin, Alexander"]
[Black "Jones, Richard"]
[Result "1-0"]
[WhiteElo "2523"]
[BlackElo "2325"]
[PlyCount "57"]
[EventDate "2005.07.30"]

1. d4 Nf6 2. c4 g6 3. Nf3 Bg7 4. g3 O-O 5. Bg2 d6 6. O-O Nbd7 7. Nc3 e5 8. e4
c6 9. b3 Re8 10. h3 a6 11. Re1 b5 12. cxb5 axb5 13. b4 Qc7 14. a4 bxa4 15. Rxa4
Bb7 16. Be3 Rxa4 17. Qxa4 Nb6 18. Qb3 exd4 19. Nxd4 d5 20. b5 c5 21. Nc6 Bxc6
22. Bf4 Qc8 23. bxc6 Qxc6 24. Rb1 Nfd7 25. exd5 Qf6 26. Ne4 Qd4 27. Be3 Qc4 28.
Nxc5 Qxb3 29. Rxb3 1-0

[Event "15th European Team Championshi"]
[Site "?"]
[Date "2005.08.02"]
[Round "4.19"]
[White "Kett, Tim"]
[Black "Kelly, Brian"]
[Result "1/2-1/2"]
[WhiteElo "2192"]
[BlackElo "2504"]
[PlyCount "51"]
[EventDate "2005.07.30"]

1. e4 e6 2. d4 d5 3. Nc3 Bb4 4. e5 Ne7 5. a3 Bxc3+ 6. bxc3 b6 7. Qg4 Ng6 8. h4
h5 9. Qg3 Ba6 10. Bxa6 Nxa6 11. Ne2 Nb8 12. Nf4 Nxf4 13. Bxf4 Kf8 14. O-O Qd7
15. Bg5 Qa4 16. f4 g6 17. f5 gxf5 18. Bf6 Rh7 19. Qg5 Nc6 20. Rf3 f4 21. Rxf4
Qxc2 22. Raf1 Re8 23. R1f3 Ne7 24. Bxe7+ Rxe7 25. Rg3 Ke8 26. Rf2 1/2-1/2

[Event "15th European Team Championshi"]
[Site "?"]
[Date "2005.08.02"]
[Round "4.19"]
[White "Spice, Alan"]
[Black "Orr, Mark"]
[Result "1/2-1/2"]
[WhiteElo "2175"]
[BlackElo "2305"]
[PlyCount "78"]
[EventDate "2005.07.30"]

1. Nc3 d5 2. e4 Nf6 3. exd5 Nxd5 4. Bc4 e6 5. Qe2 Nb6 6. Bb3 Nc6 7. Nf3 Be7 8.
O-O O-O 9. a3 e5 10. d3 Bg4 11. Be3 Nd4 12. Bxd4 exd4 13. Ne4 Nd5 14. h3 Nf4
15. Qd2 Nxh3+ 16. gxh3 Bxf3 17. Qf4 Bxe4 18. Qxe4 c6 19. Rae1 Bf6 20. Qg4 a5
21. a4 Re8 22. Re4 Rxe4 23. Qxe4 Qd7 24. Re1 g6 25. Kg2 Kf8 26. Qf3 Kg7 27. Re4
Re8 28. Qe2 Rxe4 29. Qxe4 Qe7 30. Qxe7 Bxe7 31. Bc4 Bg5 32. Kf3 Bc1 33. b4 axb4
34. Ke4 Bb2 35. Ke5 Bc3 36. Kd6 b3 37. cxb3 Ba1 38. Kc5 Kf6 39. f3 Ke7 1/2-1/2

[Event "15th European Team Championshi"]
[Site "?"]
[Date "2005.08.03"]
[Round "5.14"]
[White "Johannessen, Leif Erlend"]
[Black "Baburin, Alexander"]
[Result "1-0"]
[WhiteElo "2543"]
[BlackElo "2523"]
[PlyCount "61"]
[EventDate "2005.07.30"]

1. c4 e6 2. Nc3 d5 3. d4 Nf6 4. Nf3 Nbd7 5. Bg5 c6 6. e3 Qa5 7. cxd5 Nxd5 8.
Qd2 N7b6 9. Bd3 Nxc3 10. bxc3 Nd5 11. O-O Qxc3 12. Qe2 h6 13. Bh4 Be7 14. Bg3
O-O 15. Rac1 Qa5 16. Ne5 Qd8 17. Bb1 f5 18. Ng6 Re8 19. e4 Nf6 20. Bh4 fxe4 21.
Bxe4 Qxd4 22. Nxe7+ Rxe7 23. Rfd1 Qb6 24. Bxf6 gxf6 25. Rc3 Rg7 26. Rcd3 f5 27.
Bxf5 exf5 28. Qe8+ Kh7 29. Rd8 Qc7 30. Qh8+ Kg6 31. R1d6+ 1-0

[Event "15th European Team Championshi"]
[Site "?"]
[Date "2005.08.03"]
[Round "5.14"]
[White "Elsness, Frode"]
[Black "Collins, Sam"]
[Result "1/2-1/2"]
[WhiteElo "2440"]
[BlackElo "2413"]
[PlyCount "84"]
[EventDate "2005.07.30"]

1. d4 d5 2. c4 c6 3. Nf3 Nf6 4. Nc3 dxc4 5. a4 Bf5 6. Ne5 Nbd7 7. Nxc4 Qc7 8.
g3 e5 9. dxe5 Nxe5 10. Bf4 Nfd7 11. Bg2 f6 12. O-O Nc5 13. e4 Bg6 14. b4 Rd8
15. Qb1 Ncd3 16. Nxe5 fxe5 17. Bg5 Be7 18. Bxe7 Qxe7 19. Nd5 cxd5 20. Qxd3 Qxb4
21. Qb5+ Qxb5 22. axb5 d4 23. Rxa7 O-O 24. Rd1 Bh5 25. f3 Rxf3 26. Bxf3 Bxf3
27. Rda1 Bxe4 28. Ra8 Rxa8 29. Rxa8+ Kf7 30. Kf2 Bd5 31. Rd8 Ke6 32. Rg8 e4 33.
Rxg7 e3+ 34. Ke2 Bc4+ 35. Kf3 Bd5+ 36. Ke2 Bc4+ 37. Kf3 Bxb5 38. Rxh7 Bc6+ 39.
Ke2 Bb5+ 40. Kf3 Bc6+ 41. Ke2 Bb5+ 42. Kf3 Bc6+ 1/2-1/2

[Event "15th European Team Championshi"]
[Site "?"]
[Date "2005.08.03"]
[Round "5.14"]
[White "Kelly, Brian"]
[Black "Lie, Kjetil A"]
[Result "1/2-1/2"]
[WhiteElo "2504"]
[BlackElo "2472"]
[PlyCount "96"]
[EventDate "2005.07.30"]

1. c4 Nf6 2. Nf3 g6 3. Nc3 Bg7 4. e4 d6 5. d4 O-O 6. Be2 c5 7. O-O cxd4 8. Nxd4
Nc6 9. Be3 Nxd4 10. Bxd4 Bd7 11. Qd2 Bc6 12. f3 a5 13. b3 Nd7 14. Be3 Nc5 15.
Rab1 Qb6 16. Rfc1 Rfc8 17. Rc2 Qd8 18. Bf1 h5 19. a3 Kh7 20. Nd5 e6 21. Nf4 a4
22. b4 Nb3 23. Qf2 e5 24. Nd5 Bxd5 25. exd5 Nd4 26. Rcc1 Bh6 27. Bxh6 Kxh6 28.
f4 Kg7 29. Re1 f6 30. Bd3 Qd7 31. Re3 b5 32. c5 dxc5 33. fxe5 f5 34. d6 c4 35.
Bf1 Re8 36. Rd1 Nc6 37. Rd5 Nd8 38. g3 Rc8 39. Qb2 Ne6 40. Qc3 Kh7 41. Bg2 Rf8
42. Rf3 Rce8 43. Kh1 Rf7 44. Qe3 Rc8 45. Qd2 Rcf8 46. Qc3 Rc8 47. Qd2 Rcf8 48.
Qe3 Rc8 1/2-1/2

[Event "15th European Team Championshi"]
[Site "?"]
[Date "2005.08.03"]
[Round "5.14"]
[White "Orr, Mark"]
[Black "Nordahl, Helge"]
[Result "0-1"]
[WhiteElo "2305"]
[BlackElo "2423"]
[PlyCount "136"]
[EventDate "2005.07.30"]

1. d4 Nf6 2. Bg5 Ne4 3. Bf4 c5 4. d5 Qb6 5. Nd2 Qxb2 6. Nxe4 Qb4+ 7. c3 Qxe4 8.
e3 e5 9. dxe6 Qxe6 10. Nf3 Be7 11. Be2 Nc6 12. O-O O-O 13. c4 d6 14. Qd2 Bf6
15. Rad1 Rd8 16. a3 h6 17. Qc2 Qe7 18. Rd2 Ne5 19. Rfd1 Be6 20. Bg3 Rd7 21.
Nxe5 dxe5 22. Rxd7 Bxd7 23. Bf3 Rb8 24. Bd5 Be6 25. e4 Bxd5 26. Rxd5 Rd8 27.
Qd3 Rxd5 28. Qxd5 Qc7 29. h3 Kf8 30. f3 Ke8 31. Kh2 b6 32. Be1 Qd7 33. Qa8+ Ke7
34. Bg3 Qc7 35. Qd5 g6 36. Qa8 h5 37. h4 Bg7 38. Qd5 Bh8 39. Qa8 Bf6 40. Qd5
Kf8 41. Kh3 Kg7 42. Kh2 Qe7 43. Kh3 Qe6+ 44. Qxe6 fxe6 45. Kh2 Kf7 46. Kg1 a6
47. a4 Ke7 48. Kf1 Kd7 49. Ke2 Kc6 50. Kd3 b5 51. axb5+ axb5 52. cxb5+ Kxb5 53.
Kc3 Bd8 54. Bxe5 Bxh4 55. Bg7 Be1+ 56. Kc2 Kc4 57. Bf6 Bf2 58. Be5 Be3 59. Bf6
Bf4 60. Bg7 e5 61. Bf8 Kd4 62. Bd6 c4 63. Bb4 g5 64. Be1 Ke3 65. g3 Kxf3 66.
gxf4 gxf4 67. Kc3 Ke2 68. Bh4 f3 0-1

[Event "15th European Team Championshi"]
[Site "?"]
[Date "2005.08.04"]
[Round "6.16"]
[White "Nielsen, Peter Heine"]
[Black "Baburin, Alexander"]
[Result "1-0"]
[WhiteElo "2668"]
[BlackElo "2523"]
[PlyCount "61"]
[EventDate "2005.07.30"]

1. d4 d5 2. c4 e6 3. Nf3 dxc4 4. e3 c5 5. Bxc4 a6 6. O-O Nf6 7. Bb3 Nc6 8. Nc3
Qc7 9. Qe2 Be7 10. dxc5 Bxc5 11. Bd2 O-O 12. Rac1 Bd6 13. e4 Ng4 14. Kh1 Bf4
15. Rfd1 Bxd2 16. Rxd2 Qf4 17. g3 Qh6 18. Rcd1 e5 19. h4 Be6 20. Rd6 Rad8 21.
Rxd8 Nxd8 22. Ng5 Bxb3 23. axb3 Nf6 24. Rd6 Nc6 25. Nd5 Rd8 26. Rxd8+ Nxd8 27.
Ne7+ Kf8 28. Nf5 Qg6 29. Qd2 Nc6 30. Qd6+ Ke8 31. Qc7 1-0

[Event "15th European Team Championshi"]
[Site "?"]
[Date "2005.08.04"]
[Round "6.16"]
[White "Kelly, Brian"]
[Black "Schandorff, Lars"]
[Result "1/2-1/2"]
[WhiteElo "2504"]
[BlackElo "2519"]
[PlyCount "55"]
[EventDate "2005.07.30"]

1. c4 Nf6 2. Nf3 e6 3. Nc3 d5 4. d4 Bb4 5. cxd5 exd5 6. Bg5 Nbd7 7. e3 c5 8.
Qc2 O-O 9. Bd3 h6 10. Bh4 c4 11. Bf5 Nb6 12. Bxc8 Rxc8 13. O-O Re8 14. Ne5 Bxc3
15. bxc3 Qd6 16. Rfb1 Nfd7 17. Nxd7 Qxd7 18. a4 Rc6 19. Rb5 Nc8 20. Qd1 a6 21.
Rb2 Ree6 22. Qg4 Rb6 23. Rxb6 Nxb6 24. Qd1 Nc8 25. Qg4 Nb6 26. Qd1 Nc8 27. Qg4
Nb6 28. Qd1 1/2-1/2

[Event "15th European Team Championshi"]
[Site "?"]
[Date "2005.08.04"]
[Round "6.16"]
[White "Orr, Mark"]
[Black "Hansen, Sune Berg"]
[Result "1/2-1/2"]
[WhiteElo "2305"]
[BlackElo "2568"]
[PlyCount "90"]
[EventDate "2005.07.30"]

1. d4 Nf6 2. Nf3 e6 3. Bg5 h6 4. Bh4 d6 5. e3 Nbd7 6. Nbd2 g5 7. Bg3 Nh5 8. Bd3
Bg7 9. c3 Qe7 10. O-O a6 11. Ne1 Nxg3 12. fxg3 h5 13. Nc2 g4 14. Qe2 Rh6 15.
Rf2 Rf6 16. Raf1 Rxf2 17. Rxf2 b6 18. h3 Nf6 19. Ne4 Nxe4 20. Bxe4 d5 21. Bd3
f5 22. e4 e5 23. dxe5 Bxe5 24. exf5 Bxg3 25. Rf1 Qxe2 26. Bxe2 Kf7 27. hxg4
hxg4 28. Bxg4 Kf6 29. Nb4 Bb7 30. Rf3 Bd6 31. Rh3 Rg8 32. Bf3 Kxf5 33. Nxd5
Bxd5 34. Bxd5 Rg3 35. Rxg3 Bxg3 36. Kf1 a5 37. Ke2 Ke5 38. Bf3 Bf4 39. Kd3 Bc1
40. Kc2 Be3 41. Kd3 Bc1 42. b4 axb4 43. cxb4 Ba3 44. Kc4 c5 45. b5 Bb4 1/2-1/2

[Event "15th European Team Championshi"]
[Site "?"]
[Date "2005.08.05"]
[Round "7.17"]
[White "Baburin, Alexander"]
[Black "Atakisi, Umut"]
[Result "1-0"]
[WhiteElo "2523"]
[BlackElo "2437"]
[PlyCount "101"]
[EventDate "2005.07.30"]

1. d4 d5 2. c4 c6 3. Nf3 Nf6 4. e3 Bf5 5. Nc3 e6 6. Nh4 Bg6 7. Nxg6 hxg6 8. Bd2
Nbd7 9. Rc1 Bd6 10. g3 O-O 11. Bd3 dxc4 12. Bxc4 e5 13. O-O Nb6 14. Bb3 Qe7 15.
dxe5 Bxe5 16. Qc2 Rad8 17. Rfd1 g5 18. Be1 g4 19. Qf5 Bb8 20. h3 gxh3 21. Qxh3
Qe5 22. Qh4 Rfe8 23. Kg2 Nbd5 24. Nxd5 Nxd5 25. Bc2 Rd6 26. Rd4 Rh6 27. Qe4 Re7
28. Qxe5 Bxe5 29. Re4 Rd6 30. Rd1 Rdd7 31. b4 g6 32. Bb3 Nf6 33. Rxd7 Nxd7 34.
f4 Bf6 35. Rxe7 Bxe7 36. Kf3 c5 37. b5 Nb6 38. Ke4 c4 39. Bc2 Bc5 40. g4 f5+
41. gxf5 gxf5+ 42. Kf3 Nd5 43. Bxf5 Nxe3 44. Be6+ Kg7 45. Bf2 Kf6 46. Bg8 Kg7
47. Bxe3 Bxe3 48. Kxe3 Kxg8 49. Kd4 Kf7 50. Kxc4 Ke6 51. Kd4 1-0

[Event "15th European Team Championshi"]
[Site "?"]
[Date "2005.08.05"]
[Round "7.17"]
[White "Haznedaroglu, Kivanc"]
[Black "Kelly, Brian"]
[Result "1/2-1/2"]
[WhiteElo "2430"]
[BlackElo "2504"]
[PlyCount "97"]
[EventDate "2005.07.30"]

1. e4 e6 2. d4 d5 3. Nc3 Nf6 4. Bg5 dxe4 5. Nxe4 Nbd7 6. Nxf6+ Nxf6 7. Nf3 c5
8. Bb5+ Bd7 9. Bxd7+ Qxd7 10. Qe2 cxd4 11. O-O-O Bc5 12. Qe5 Qe7 13. Nxd4 O-O
14. Rhe1 Rfd8 15. f4 Rac8 16. f5 h6 17. Bh4 Qd6 18. Bxf6 gxf6 19. Qxd6 Rxd6 20.
Nb3 Rxd1+ 21. Kxd1 Rd8+ 22. Ke2 Rd5 23. fxe6 fxe6 24. c4 Re5+ 25. Kd1 Bd6 26.
Rxe5 Bxe5 27. Nc5 b6 28. Nxe6 Bxb2 29. Kc2 Be5 30. h3 Kf7 31. Nd8+ Kg6 32. Nc6
Kf5 33. Nxa7 Kf4 34. Nc6 Bc7 35. Ne7 Kg3 36. Nd5 Bd8 37. Ne3 h5 38. Kd3 f5 39.
Nxf5+ Kxg2 40. h4 Kf3 41. a4 Kf4 42. Nd4 Kg4 43. Ne6 Bxh4 44. Ng7 Bf2 45. Nxh5
Kxh5 46. Ke4 Kg6 47. Kd5 Kf5 48. c5 Bxc5 49. a5 1/2-1/2

[Event "15th European Team Championshi"]
[Site "?"]
[Date "2005.08.05"]
[Round "7.17"]
[White "Collins, Sam"]
[Black "Erturan, Yakup"]
[Result "1/2-1/2"]
[WhiteElo "2413"]
[BlackElo "2311"]
[PlyCount "91"]
[EventDate "2005.07.30"]

1. e4 e5 2. Nf3 Nc6 3. Bb5 a6 4. Ba4 Nf6 5. O-O Be7 6. Re1 b5 7. Bb3 d6 8. c3
O-O 9. d4 Bg4 10. Be3 exd4 11. cxd4 Na5 12. Bc2 c5 13. h3 Bh5 14. Nbd2 cxd4 15.
Bxd4 Nc6 16. Be3 d5 17. exd5 Nb4 18. Bd4 Nxc2 19. Qxc2 Nxd5 20. Rad1 Bg6 21.
Qb3 Nf4 22. Ne4 Qc8 23. Ne5 Ne6 24. Nxg6 hxg6 25. Be5 Rd8 26. Rxd8+ Qxd8 27.
Rd1 Qb6 28. Bd6 Bxd6 29. Rxd6 Qc7 30. Qc3 Qxc3 31. Nxc3 Kf8 32. Kf1 Ke7 33. Rb6
Nc7 34. b4 Rd8 35. Rc6 Kd7 36. Rc5 Ne6 37. Rd5+ Kc6 38. Rxd8 Nxd8 39. Ke2 g5
40. Kd3 f5 41. Ne2 Kd5 42. Nc3+ Ke5 43. Ne2 Nc6 44. a3 g6 45. g3 Kd6 46. f4
1/2-1/2

[Event "15th European Team Championshi"]
[Site "?"]
[Date "2005.08.05"]
[Round "7.17"]
[White "Esen, Baris"]
[Black "Orr, Mark"]
[Result "1-0"]
[WhiteElo "2301"]
[BlackElo "2305"]
[PlyCount "81"]
[EventDate "2005.07.30"]

1. d4 d5 2. c4 c6 3. Nc3 Nf6 4. e3 g6 5. Nf3 Bg7 6. Bd3 O-O 7. O-O Bg4 8. h3
Bxf3 9. Qxf3 e6 10. Rd1 Nbd7 11. b3 dxc4 12. bxc4 e5 13. Rb1 exd4 14. exd4 Nb6
15. Bg5 h6 16. Be3 Qd7 17. a4 Nc8 18. a5 Kh7 19. d5 cxd5 20. Nxd5 Nxd5 21. Be4
Nce7 22. Bxd5 Nxd5 23. Qxd5 Qxd5 24. Rxd5 b6 25. axb6 axb6 26. Rxb6 Rac8 27. c5
Rfd8 28. Rxd8 Rxd8 29. Kf1 Kg8 30. c6 Rc8 31. Ke2 Kf8 32. Kd3 Ke8 33. Kc4 h5
34. Bf4 Bf6 35. Bd6 Bd8 36. Ra6 Bh4 37. g3 Bf6 38. Kc5 Bd8 39. Ra2 f5 40. Ra7
Bf6 41. Kd5 1-0

[Event "15th European Team Championshi"]
[Site "?"]
[Date "2005.08.06"]
[Round "8.18"]
[White "Baburin, Alexander"]
[Black "Godena, Michele"]
[Result "1/2-1/2"]
[WhiteElo "2523"]
[BlackElo "2522"]
[PlyCount "31"]
[EventDate "2005.07.30"]

1. d4 Nf6 2. c4 e6 3. g3 d5 4. Nf3 dxc4 5. Bg2 a6 6. O-O b5 7. Ne5 c6 8. Nxc6
Qb6 9. Ne5 Bb7 10. Bxb7 Qxb7 11. a4 Be7 12. axb5 axb5 13. Rxa8 Qxa8 14. b3 cxb3
15. Qxb3 b4 16. Bg5 1/2-1/2